00481nam a2200145 a 450000100100000000500170001000800410002704000250006808200160009310000310010924501000014026000420024030000210028250400320030300003348120200930070305.0110830s1983 dr r 000 0 spa d aDO-SdBNPbspacBNPHU axxxxbA473p1 aÁlvarez Vega, Bienvenido10aPrensa escrita y estructura de poder en la República Dominicana /cBienvenido Álvarez Vega. aSanto Domingo :bALFA Y Omega,c1983. a218 p. ;c23 cm. aBibliografía : p. 215-218